00350cam a22001097a 4500008004000000082002300040100002500063245004700088260005800135300001100193440003600204180718b1966 xxu||||| |||| 00| 0 eng d aA81x5434 In2/61/14 aCensus of India 1961 aRajasthan district census handbook, Nagaur aJaipurbThe Director of Printing and Stationeryc1966 a289+p. aCensus of India 1961. Rajasthan